000 02003nam a22003617i 4500
001 0123797
003 CZ PrSKC
005 20260402110317.0
007 ta
008 251003s2025 xr a c 6 000 1 cze d
020 _a9788076798823
_cKč 449.00
040 _aBOG001
_bcze
_erda
041 1 _acze
_heng
072 7 _a741.52
_xKomiksy. Komiksové adaptace
_2Konspekt
072 7 _a821-93
_xLiteratura pro děti a mládež (beletrie)
_2Konspekt
080 _a741/744
080 _a821-93
100 0 _aMíriam B.,
_d1994-
_4aut
_920588
240 1 0 _aHooky.
_lČesky
245 1 0 _aHooky :
_bmagie za školou.
_n1 /
_cMíriam Bonastreová Turová ; z anglického Hooky, vol. 1 ... přeložila: Hana Vrábelová
246 3 0 _aMagie za školou
250 _aPrvní vydání
264 1 _aPraha :
_bCrew,
_c2025
300 _a384 stran :
_bbarevné ilustrace ;
_c21 cm
520 2 _aDvojčata, jedno proroctví a spousta legrace - původně digitální komiks je fantasy příběhem o kouzlení a dobrodružství.
_bKdyž dvanáctiletí Dani a Dorian zmeškají autobus do školy magie, rozhodně nečekají, že je někdo prohlásí za zrádce vlastního druhu. Ale kvůli patálii s dračím vejcem, zlomeným koštětem a vězněm urozené krve se jejich podobizny ocitnou na plakátech hledaných zločinců po celé zemi! Pronásledují je mocné rodiny pátrající po králi čarodějů z tajemného proroctví i šlechta hledající zmizelé prince, a dvojčata tak nevědí, komu můžou věřit. Naštěstí na to nejsou sama: s pomocí místní princezny potížistky a učitele, který vidí do budoucnosti, třeba ještě zvládnou svá jména očistit... ale bude to stačit, aby sjednotila království rozervané svárem? Nakladatelská anotace. Kráceno.
653 0 _abublinkové písmo
655 7 _amanga
_914003
655 7 _afantasy komiksy
_910419
655 7 _apublikace pro děti
700 1 _aVrábelová, Hana,
_d1987-
_4trl
_91050
910 _aABG508
999 _c34126
_d34126